| 000 | 00626cam a2200229 a 4500 | ||
|---|---|---|---|
| 001 | 3769118 | ||
| 005 | 20180302045231.0 | ||
| 008 | 831028s1984 cau b s000 0 eng | ||
| 010 | _a 83018070 | ||
| 020 | _a0520047508 | ||
| 040 |
_aDLC _cDLC _dDLC _dOCoLC |
||
| 041 | 1 | _aengfre | |
| 080 | _a909 CER | ||
| 082 | 0 | 0 |
_a909 CER _219 |
| 100 | 1 | _a50 | |
| 101 | _aSOC | ||
| 240 | 1 | 0 |
_aArts de faire. _lEnglish |
| 245 | 1 | 4 |
_aThe practice of everyday life / _cMichel de Certeau ; translated by Steven Rendall. |
| 504 | _aBibliography: p. 205-229. | ||
| 906 |
_a7 _bcbc _corignew _d1 _eocip _f19 _gy-gencatlg |
||
| 942 |
_2ddc _cBK |
||
| 999 |
_c43993 _d43993 |
||